000 00501nam a2200181Ia 4500
001 12042
005 20260306162912.0
008 260306t2021||||xx |||||||||||||| ||spa||
041 _aESP
082 _aHR 340
_bENE 2021 DJ
110 _aGaceta Jurídica
245 0 _aDiálogo con la jurisprudencia:
_bactualidad jurisprudencial para jueces, fiscales y abogados litigantes
260 _c2021
300 _a247 páginas :
_c25 cm.
650 _aGEN
654 _aCDE
942 _cREV
_dJUS
_fJUS
_2ddc
_n
999 _c12042
_d12042